000 00637nam a2200229 a 4500
001 BRCA_7958
005 20190320210053.0
008 100314s1885----fr-a###f##---#000-0#fre-#
041 _afre
044 _afr
050 4 _aNK1175
_b.R68
_c1929
100 1 _aRouaix, Paul
_919719
245 1 0 _aLes styles
_b700 gravures clasèes par èpoques
_cnotices par Paul Rouaix.
260 _aParís
_bLibrerie de L´art
_c1929
300 _a335 p.
_bil.
_c40 cm.
500 _a3118
650 1 4 _aGravados
_vHistoria
_919720
650 1 4 _aDecoración y ornamentación
_93592
650 1 4 _aArtes gráficas
_919721
902 _aGFM
942 _2lcc
_cB
999 _c7627
_d7627